000 00562nam a2200205Ia 4500
005 20250923144833.0
008 008 250917s9999 xx 000 0 eng d
037 _aTextual
040 _aDSWL
_beng
_cDSWL
041 _aeng
_2eng
084 _aY1:41:5(Z), H9
_qDSWL
100 _aMookerjee, H.C.
_9828931
245 0 _aWhy Prohibition?
_cby H.C. Mookerjee
260 _aCalcutta
_bTheBook House, 15
_c1949
300 _a221p.
365 _aINR
_b4
925 _g4
942 _cTEXL
_hY1:41:5(Z), H9
999 _c1443976
_d1443976